Saudi Arabia and the US since 1962 : (Record no. 21248)
[ view plain ]
| 000 -LEADER | |
|---|---|
| fixed length control field | 00631aam a2200193 4500 |
| 001 - CONTROL NUMBER | |
| control field | a6026 |
| 003 - CONTROL NUMBER IDENTIFIER | |
| control field | SIRSI |
| 008 - FIXED-LENGTH DATA ELEMENTS--GENERAL INFORMATION | |
| fixed length control field | 130416n2010 000 0 eng u |
| 020 ## - INTERNATIONAL STANDARD BOOK NUMBER | |
| International Standard Book Number | 9780863564659 |
| 035 ## - SYSTEM CONTROL NUMBER | |
| System control number | (Sirsi) a6806 |
| 050 00 - LIBRARY OF CONGRESS CALL NUMBER | |
| Classification number | E183.8.S25 |
| Item number | B56 2010 |
| 100 1# - MAIN ENTRY--PERSONAL NAME | |
| Personal name | Bin Hethlain, Naif |
| 245 10 - TITLE STATEMENT | |
| Title | Saudi Arabia and the US since 1962 : |
| Remainder of title | allies in conflict / |
| Statement of responsibility, etc. | Naif bin Hethlain |
| 246 3# - VARYING FORM OF TITLE | |
| Title proper/short title | Saudi Arabia and the United States since 1962 |
| 260 ## - PUBLICATION, DISTRIBUTION, ETC. | |
| Place of publication, distribution, etc. | London : |
| Name of publisher, distributor, etc. | SAQI, |
| Date of publication, distribution, etc. | c2010 |
| 300 ## - PHYSICAL DESCRIPTION | |
| Extent | 382 p. ; |
| Dimensions | 24 cm |
| 651 #0 - SUBJECT ADDED ENTRY--GEOGRAPHIC NAME | |
| Geographic name | United States |
| General subdivision | Foreign relations |
| Geographic subdivision | Saudi Arabia |
| 651 #0 - SUBJECT ADDED ENTRY--GEOGRAPHIC NAME | |
| Geographic name | Saudi Arabia |
| General subdivision | Foreign relations |
| Geographic subdivision | United States |
| Withdrawn status | Lost status | Source of classification or shelving scheme | Damaged status | Not for loan | Collection | Home library | Current library | Shelving location | Total checkouts | Full call number | Barcode | Date last seen | Copy number | Price effective from | Koha item type |
|---|---|---|---|---|---|---|---|---|---|---|---|---|---|---|---|
| Library of Congress Classification | AUE Library Collection | MAIN | MAIN | General | E183.8.S25 B56 2010 | 10053251 | 03/13/2021 | 1 | 11/19/2019 | Books | |||||
| Library of Congress Classification | AUE Library Collection | MAIN | MAIN | General | E183.8.S25 B56 2010 | 10067191 | 03/13/2021 | 2 | 11/19/2019 | Books |